[Event "ROM-ch U08 Girls"]
[Site "Calimanesti"]
[Date "2014.04.09"]
[Round "4"]
[White "Spiridon, Anisia"]
[Black "Bostan, Teodora"]
[Result "1-0"]
[WhiteElo "1001"]
[BlackElo "1001"]
[PlyCount "71"]
[EventDate "2014.04.06"]
[EventType "swiss"]
[EventRounds "9"]
[EventCountry "ROU"]
[SourceTitle "CBM 160 Extra"]
[Source "ChessBase"]
[SourceDate "2014.07.01"]
[SourceVersion "1"]
[SourceVersionDate "2014.07.01"]
[SourceQuality "1"]

1. d4 d5 2. c4 c6 3. Nc3 Nf6 4. e4 Na6 5. exd5 cxd5 6. cxd5 Nxd5 7. Bb5+ Bd7 8. Bxa6 bxa6 9. Nf3 g5 10. 0-0 h5 11. Nxg5 Rg8 12. Qd3 a5 13. a4 Nf6 14. h3 Nh7 15. Nxh7 Rh8 16. Nxf8 Kxf8 17. Bg5 Ke8 18. Nb5 f6 19. Bf4 Rb8 20. Bc7 Rc8 21. Bxd8 Rxd8 22. Nxa7 Rf8 23. Nc6 h4 24. Nxd8 Kxd8 25. Qa6 Bc8 26. Qxa5+ Ke8 27. b4 f5 28. Qb5+ Kf7 29. Rfe1 Kf6 30. Qe5+ Kf7 31. Qxe7+ Kg6 32. Rac1 f4 33. Rc6+ Kh5 34. Re5+ Bf5 35. Qh7+ Kg5 36. Rg6# 1-0